Diseño preliminar de un compactador de desechos de conductor electrico para la empresa Conducen S.A
保存先:
| 第一著者: | |
|---|---|
| その他の著者: | |
| フォーマット: | 図書 |
| 出版事項: |
San José, Costa Rica
1992
|
| 主題: | |
| タグ: |
タグ追加
タグなし, このレコードへの初めてのタグを付けませんか!
|
MARC
| LEADER | 00000nam a2200000Ia 4500 | ||
|---|---|---|---|
| 003 | 005503 | ||
| 005 | 20221231144320.0 | ||
| 008 | 140114s1992 cr a m 000 ||s d | ||
| 040 | |c cru CEDI | ||
| 090 | |a TFG 2633 | ||
| 100 | |a Ugalde Salazar, Rafael Angel |9 12291 | ||
| 245 | |a Diseño preliminar de un compactador de desechos de conductor electrico para la empresa Conducen S.A | ||
| 260 | |c 1992 |a San José, Costa Rica | ||
| 300 | |a xii, 185 hojas : ilustraciones (algunas plegables) ; 29 cm. | ||
| 500 | |a Proyecto de graduacion (licenciatura en ingenieria mecanica)--Universidad de Costa Rica. Facultad de Ingeniería. Escuela de Ingenieria Mecanica | ||
| 650 | |x MAQUINARIA |x DISEÑO |9 12293 | ||
| 700 | |9 12292 |a Ramírez Bolaños, Víctor Manuel | ||
| 942 | |c TFG | ||
| 999 | |c 20032 |d 20032 | ||
